[Event "Gibraltar Masters 2020"]
[Site "Caleta ENG"]
[Date "2020.01.22"]
[Round "2.84"]
[White "Tejaswini, Sagar"]
[Black "Lombaers, Peter"]
[Result "0-1"]
[WhiteTitle "WIM"]
[BlackTitle "FM"]
[WhiteElo "2180"]
[BlackElo "2383"]
[WhiteFideId "5054290"]
[BlackFideId "1032852"]
[EventDate "2020.01.21"]

1. e4 c5 2. Nf3 Nc6 3. d4 cxd4 4. Nxd4 Nf6 5. Nc3 e5 6. Ndb5 d6 7. Bg5 a6 8. Na3
b5 9. Nd5 Be7 10. Bxf6 Bxf6 11. c3 O-O 12. Nc2 Rb8 13. a4 bxa4 14. Ncb4 Nxb4 15.
Nxb4 Bb7 16. Qxa4 Bxe4 17. Nxa6 Rxb2 18. Qxe4 d5 19. Qa4 e4 20. Rc1 e3 21. f4 e2
22. Bxe2 Re8 23. Qd1 Qb6 24. Rc2 Rb1 25. Rc1 Rxc1 26. Qxc1 Qxa6 27. Qc2 Bxc3+
28. Kf2 Bd4+ 29. Kf1 Qa3 30. Bd3 g6 31. h4 Rb8 32. Qd1 Rc8 33. Bc2 Qb2 0-1

[Event "Gibraltar Masters 2020"]
[Site "Caleta ENG"]
[Date "2020.01.22"]
[Round "2.85"]
[White "Padmini, Rout"]
[Black "Utiatskaja, Irina"]
[Result "1-0"]
[WhiteTitle "IM"]
[BlackTitle "WIM"]
[WhiteElo "2369"]
[BlackElo "2143"]
[WhiteFideId "5029295"]
[BlackFideId "24140848"]
[EventDate "2020.01.21"]

1. Nf3 Nf6 2. g3 g6 3. Bg2 Bg7 4. O-O O-O 5. d4 d5 6. c4 c6 7. b3 Ne4 8. Bb2 Bf5
9. e3 Nd7 10. Qe2 Re8 11. Na3 a6 12. Nc2 Rc8 13. Rac1 Qa5 14. a3 dxc4 15. bxc4
Bg4 16. Nce1 Ng5 17. Qc2 Nxf3+ 18. Nxf3 Qh5 19. Nd2 Bh3 20. Bxh3 Qxh3 21. f4 b5
22. e4 c5 23. cxb5 axb5 24. Nf3 c4 25. Bc3 Rb8 26. Qe2 Nb6 27. Ne5 Qc8 28. Qf2
Na4 29. Bb4 Qc7 30. Qf3 e6 31. Rc2 Red8 32. d5 Bf8 33. Nc6 Bxb4 34. axb4 exd5
35. exd5 Qd6 36. f5 Rd7 37. Nxb8 Qxb8 38. Re2 Nb6 39. Rfe1 Rd8 40. Re7 g5 41.
Qh5 1-0

[Event "Gibraltar Masters 2020"]
[Site "Caleta ENG"]
[Date "2020.01.22"]
[Round "2.86"]
[White "Hapala, Elisabeth"]
[Black "Mullick, Raahil"]
[Result "0-1"]
[WhiteTitle "WFM"]
[BlackTitle "CM"]
[WhiteElo "2170"]
[BlackElo "2382"]
[WhiteFideId "1622080"]
[BlackFideId "35080350"]
[EventDate "2020.01.21"]

1. e4 c5 2. Nf3 d6 3. d4 cxd4 4. Nxd4 Nf6 5. Nc3 a6 6. Be3 e5 7. Nb3 Be6 8. f3
h5 9. Qd2 Nbd7 10. Nd5 Bxd5 11. exd5 g6 12. Be2 Bg7 13. O-O b6 14. Rac1 O-O 15.
c4 Re8 16. h3 Nh7 17. Na1 f5 18. Nc2 Bf6 19. Nb4 Bg5 20. Nc6 Bxe3+ 21. Qxe3 Qf6
22. Kh2 h4 23. Bd3 g5 24. Bb1 Kh8 25. Qd3 Rf8 26. b4 Rf7 27. Kh1 Nhf8 28. Rfe1
Ng6 29. Qe3 Rg8 30. Rc3 Nf4 31. Rg1 Rfg7 32. Rcc1 g4 33. fxg4 fxg4 34. hxg4 Rxg4
35. Qe4 Qg7 36. Rc2 Nf6 37. Qf3 Rg3 38. Qf1 h3 39. Nxe5 dxe5 0-1

[Event "Gibraltar Masters 2020"]
[Site "Caleta ENG"]
[Date "2020.01.22"]
[Round "2.87"]
[White "Wemmers, Xander"]
[Black "Bottke, Hartmut"]
[Result "1/2-1/2"]
[WhiteTitle "IM"]
[WhiteElo "2380"]
[BlackElo "2185"]
[WhiteFideId "1004182"]
[BlackFideId "4627873"]
[EventDate "2020.01.21"]

1. d4 Nf6 2. c4 g6 3. Nc3 Bg7 4. e4 d6 5. f4 O-O 6. Nf3 c5 7. d5 e6 8. dxe6 fxe6
9. Bd3 Nc6 10. O-O Nd4 11. Nxd4 cxd4 12. Nb5 e5 13. fxe5 dxe5 14. c5 Be6 15. Bg5
h6 16. Bd2 Qe7 17. Qc2 a6 18. Nd6 Ne8 19. Rxf8+ Bxf8 20. Nxe8 Qxe8 21. Rf1 Rc8
22. b4 Rc7 23. Bc4 Rf7 24. Re1 Qc6 25. Qb3 Bxc4 26. Qxc4 Qf6 27. Rf1 Qxf1+ 28.
Qxf1 Rxf1+ 29. Kxf1 Kf7 30. Ke2 Ke6 31. Kd3 h5 32. Kc4 Be7 33. a4 Bd8 34. b5
axb5+ 35. axb5 Bc7 36. b6 Bd8 37. Bb4 Kd7 38. Kd5 Be7 39. Ba5 Bf8 40. Be1 Bh6
41. c6+ Kc8 42. Kc5 d3 43. cxb7+ Kxb7 44. Kd5 Bf4 45. g3 d2 46. Bxd2 Bxd2 47.
Kxe5 h4 48. gxh4 Be1 49. Kd6 Bxh4 50. e5 Kxb6 51. e6 Kb7 52. h3 Kc8 53. e7 Bxe7+
54. Kxe7 g5 55. Kf6 Kd8 56. Kxg5 1/2-1/2

[Event "Gibraltar Masters 2020"]
[Site "Caleta ENG"]
[Date "2020.01.22"]
[Round "2.88"]
[White "Mieles Palau, Daniel"]
[Black "Giacomini, Hector"]
[Result "1-0"]
[WhiteTitle "IM"]
[WhiteElo "2374"]
[BlackElo "2161"]
[WhiteFideId "3600467"]
[BlackFideId "605352"]
[EventDate "2020.01.21"]

1. c4 e6 2. Nc3 d5 3. d4 Nf6 4. cxd5 exd5 5. Bg5 Be7 6. e3 O-O 7. Bd3 Nbd7 8.
Nge2 Re8 9. Qc2 Nf8 10. O-O c6 11. f3 Be6 12. Rad1 Rc8 13. e4 dxe4 14. fxe4 Ng4
15. Bf4 Bg5 16. Qc1 Bxf4 17. Qxf4 Ng6 18. Qg3 Qh4 19. Rfe1 Qxg3 20. Nxg3 f6 21.
h3 Nh6 22. d5 Bd7 23. Bc4 Kf8 24. dxc6 Bxc6 25. Bb3 Rcd8 26. Nh5 Nf7 27. Nd5
Bxd5 28. Bxd5 Re7 29. Bxf7 Rxd1 30. Rxd1 Kxf7 31. Ng3 Rc7 32. Rd2 Ne7 33. Kf2 g6
34. Ke3 Ke6 35. Ne2 a6 36. Nf4+ Kf7 37. Rd6 g5 38. Nh5 Rc6 39. Rd7 Rb6 40. b3
Ke8 41. Rc7 Kd8 42. Rc5 Ng6 43. g4 Kd7 44. Rd5+ Ke7 45. Ng3 Nh4 46. Rc5 Rd6 47.
e5 Rc6 48. Rxc6 bxc6 49. exf6+ Kxf6 50. Ne4+ Kg6 51. Kd4 Nf3+ 52. Kc5 Ne5 53. a4
h5 54. gxh5+ Kxh5 55. Kd6 Nf3 56. Kxc6 Nd4+ 57. Kb6 Nxb3 58. Kxa6 Kh4 59. Kb6
Kxh3 60. Nxg5+ Kg4 61. Ne4 Kf5 62. Nc5 Nd2 63. Kb5 Ke5 64. a5 Kd5 65. a6 Nc4 66.
a7 Nd6+ 67. Kb4 1-0

[Event "Gibraltar Masters 2020"]
[Site "Caleta ENG"]
[Date "2020.01.22"]
[Round "2.89"]
[White "De Abreu, Roberto N"]
[Black "Ioannidis, Evgenios"]
[Result "0-1"]
[WhiteTitle "FM"]
[BlackTitle "IM"]
[WhiteElo "2154"]
[BlackElo "2373"]
[WhiteFideId "14307472"]
[BlackFideId "4229274"]
[EventDate "2020.01.21"]

1. d4 g6 2. c4 Bg7 3. Nf3 c5 4. d5 d6 5. Nc3 f5 6. g3 Bxc3+ 7. bxc3 Qa5 8. Qd3
Nd7 9. Bf4 Ngf6 10. Nd2 Nb6 11. f3 Bd7 12. e4 fxe4 13. fxe4 O-O-O 14. Bg2 h6 15.
O-O Rdf8 16. e5 Bf5 17. Qe2 Nh5 18. exd6 Nxf4 19. Qxe7 Nd7 20. gxf4 Qxc3 21. Nb3
Re8 22. Rac1 Bc2 23. Qh4 Re2 24. Qg3 Qxg3 25. hxg3 Bf5 26. Rf2 Re3 27. Rf3 Ree8
28. Rff1 b6 29. Rfe1 Nf6 30. Re5 Ng4 31. Rce1 Nxe5 32. fxe5 Kd7 33. Nd2 Rhf8 34.
a4 h5 35. Bf1 Bg4 36. Bd3 Bf5 37. Bf1 g5 38. Nf3 g4 39. Nh4 Bc2 40. Rc1 Bh7 41.
Re1 Bc2 42. Ng2 Rf3 43. Kh2 Rf5 44. e6+ Kxd6 45. Ne3 Rf6 46. Kg1 Bxa4 47. Ra1
Rf3 48. Ng2 Bc2 49. Rxa7 Rxg3 50. Rd7+ Ke5 51. e7 Bf5 52. Rb7 Rb3 53. Nh4 Bc8
54. Ng6+ Kf6 55. d6 Kxg6 56. Bg2 Rb1+ 57. Kh2 Rb2 58. Rc7 Rd2 59. Rc6 Rxg2+ 0-1

[Event "Gibraltar Masters 2020"]
[Site "Caleta ENG"]
[Date "2020.01.22"]
[Round "2.90"]
[White "Kandic, Milan"]
[Black "Tomilova, Elena"]
[Result "1/2-1/2"]
[WhiteTitle "FM"]
[BlackTitle "WGM"]
[WhiteElo "2132"]
[BlackElo "2372"]
[WhiteFideId "926752"]
[BlackFideId "4162340"]
[EventDate "2020.01.21"]

1. e4 e6 2. d4 d5 3. Nc3 Nf6 4. Bg5 Bb4 5. e5 h6 6. Bc1 Ne4 7. Qg4 g6 8. Bd3
Bxc3+ 9. bxc3 Nxc3 10. Bd2 Ne4 11. Bxe4 dxe4 12. Qxe4 Bd7 13. Ne2 Bc6 14. Qg4
Nd7 15. c4 h5 16. Qh3 Nb6 17. Rc1 g5 18. O-O g4 19. Qg3 Qe7 20. d5 exd5 21. Nd4
Nxc4 22. Bf4 O-O-O 23. Nxc6 bxc6 24. Qb3 h4 25. Qa4 Qc5 26. Be3 Qb5 27. Qxa7
Nxe5 28. Rb1 Qc4 29. Rb7 Kd7 30. Rxc7+ Kd6 31. Bd4 f6 32. Bxe5+ Kxe5 33. Qe3+
Kf5 34. Re7 c5 35. Qe6+ Kg6 36. Qf7+ Kf5 37. Rfe1 Qd4 38. Qe6+ Kg6 39. Qf7+ Kf5
40. Qe6+ Kg6 41. Qf7+ Kf5 42. Qe6+ 1/2-1/2

[Event "Gibraltar Masters 2020"]
[Site "Caleta ENG"]
[Date "2020.01.22"]
[Round "2.91"]
[White "Pigott, John C"]
[Black "Stewart, Ashley"]
[Result "1-0"]
[WhiteTitle "IM"]
[WhiteElo "2370"]
[BlackElo "2152"]
[WhiteFideId "400459"]
[BlackFideId "419001"]
[EventDate "2020.01.21"]

1. d4 Nf6 2. c4 g6 3. Nc3 Bg7 4. e4 d6 5. h3 O-O 6. Be3 e5 7. d5 Na6 8. g4 Nc5
9. f3 a5 10. Nge2 c6 11. Ng3 cxd5 12. cxd5 Bd7 13. Qd2 a4 14. Be2 Qa5 15. Kf2 b5
16. Rac1 Rfc8 17. Kg2 b4 18. Nd1 Bb5 19. Nf2 Nfd7 20. h4 Bxe2 21. Qxe2 Qa6 22.
Rc4 a3 23. Rxb4 Qxe2 24. Nxe2 axb2 25. Rxb2 Ra3 26. Bxc5 Nxc5 27. Rc1 Rca8 28.
Nc3 f5 29. Rcc2 h6 30. Nb5 R3a6 31. Nc7 Na4 32. Rb4 Rc8 33. Nxa6 Rxc2 34. Rxa4
fxg4 35. fxg4 Bf6 36. Nb4 Rd2 37. Kg3 Bxh4+ 38. Kxh4 Rxf2 39. Kg3 Rf4 40. Nd3
Rf1 41. Ra6 1-0

[Event "Gibraltar Masters 2020"]
[Site "Caleta ENG"]
[Date "2020.01.22"]
[Round "2.92"]
[White "Osuna Vega, Enrique"]
[Black "Melia, Salome"]
[Result "0-1"]
[WhiteTitle "CM"]
[BlackTitle "IM"]
[WhiteElo "2129"]
[BlackElo "2368"]
[WhiteFideId "2219549"]
[BlackFideId "13602446"]
[EventDate "2020.01.21"]

1. e4 c5 2. Nf3 Nc6 3. d4 cxd4 4. Nxd4 Nf6 5. Nc3 e5 6. Ndb5 d6 7. Bg5 a6 8. Na3
b5 9. Nd5 Be7 10. Bxf6 Bxf6 11. c4 b4 12. Nc2 O-O 13. h4 a5 14. g3 Be6 15. Bg2
g6 16. Qd3 Bg7 17. h5 Ra7 18. Rd1 Rd7 19. b3 Nb8 20. Qe3 Na6 21. Nb6 Rb7 22. Na4
Qe7 23. Qd2 Rd7 24. hxg6 hxg6 25. O-O Qd8 26. Kh2 Bg4 27. f3 Be6 28. Bh3 f5 29.
Kg2 Rff7 30. Ne1 Nc5 31. Nxc5 dxc5 32. Nd3 Rd4 33. Qe2 Rfd7 34. Nf2 Kf7 35. Rxd4
Rxd4 36. Rd1 a4 37. Rxd4 Qxd4 38. Qd3 Kf6 39. Qxd4 cxd4 40. Nd3 Bf8 41. Nb2 a3
42. Nd3 Bxc4 0-1

[Event "Gibraltar Masters 2020"]
[Site "Caleta ENG"]
[Date "2020.01.22"]
[Round "2.93"]
[White "Seewi, Joram"]
[Black "Shachar, Ehud"]
[Result "0-1"]
[BlackTitle "IM"]
[WhiteElo "2109"]
[BlackElo "2363"]
[WhiteFideId "16260350"]
[BlackFideId "2802198"]
[EventDate "2020.01.21"]

1. e4 e6 2. c4 d5 3. exd5 exd5 4. d4 Nf6 5. Nc3 Be7 6. cxd5 O-O 7. Bc4 Nbd7 8.
Nge2 Nb6 9. Bb3 Nbxd5 10. O-O c6 11. Nxd5 Nxd5 12. Nc3 Be6 13. Re1 Re8 14. Ne4
Qb6 15. Ng5 Bxg5 16. Bxg5 f6 17. Be3 Qc7 18. Bxd5 Bxd5 19. Qd2 Qf7 20. b4 Qg6
21. f4 Re7 22. Qf2 Qd3 23. Rad1 Qc4 24. Bd2 Rxe1+ 25. Rxe1 Qxa2 26. h3 b6 27.
Re7 a5 28. bxa5 bxa5 29. Qe1 Bf7 30. Re2 Qd5 31. Bc3 a4 32. Qa1 Qc4 33. Rb2 Bd5
34. Qa3 h6 35. Kf2 Re8 36. Rd2 Qa6 37. Bb4 Qa7 38. Bc5 Qb8 39. Bd6 Qb1 40. Be7
Qe4 0-1

[Event "Gibraltar Masters 2020"]
[Site "Caleta ENG"]
[Date "2020.01.22"]
[Round "2.94"]
[White "Abrahamyan, Tatev"]
[Black "Baert, Andy"]
[Result "1-0"]
[WhiteTitle "WGM"]
[BlackTitle "FM"]
[WhiteElo "2363"]
[BlackElo "2138"]
[WhiteFideId "13301918"]
[BlackFideId "200107"]
[EventDate "2020.01.21"]

1. e4 c5 2. Nf3 d6 3. d4 cxd4 4. Nxd4 Nf6 5. Nc3 a6 6. f3 e5 7. Nb3 Be6 8. Be3
Nbd7 9. g4 b5 10. g5 b4 11. Ne2 Nh5 12. Qd2 a5 13. Ng3 Nf4 14. Bxf4 exf4 15.
Qxf4 Be7 16. h4 O-O 17. Nd4 Ne5 18. Ngf5 Rc8 19. Qg3 Re8 20. Bb5 Rf8 21. f4 Bxf5
22. exf5 Nc4 23. f6 Bxf6 24. gxf6 Qxf6 25. O-O-O Rc5 26. Bxc4 Rxc4 27. Qe3 Rfc8
28. h5 h6 29. Kb1 a4 30. Rh2 a3 31. b3 Rc3 32. Qe4 R3c7 33. Qf5 Qd8 34. Qa5 Qf6
35. Qxb4 Qxf4 36. Rg2 Qe4 37. Qd2 Qe5 38. Qxh6 Rxc2 39. Qxg7+ Qxg7 40. Rxg7+
Kxg7 41. Nxc2 1-0

[Event "Gibraltar Masters 2020"]
[Site "Caleta ENG"]
[Date "2020.01.22"]
[Round "2.95"]
[White "Beinoras, Mindaugas"]
[Black "Vega Gutierrez, Belinda"]
[Result "1-0"]
[WhiteTitle "IM"]
[BlackTitle "WIM"]
[WhiteElo "2355"]
[BlackElo "2132"]
[WhiteFideId "12802085"]
[BlackFideId "2229994"]
[EventDate "2020.01.21"]

1. c4 e5 2. Nc3 Nf6 3. Nf3 Nc6 4. e4 Bc5 5. Nxe5 Nxe5 6. d4 Bb4 7. dxe5 Nxe4 8.
Qf3 Nxc3 9. bxc3 Be7 10. Qg3 g6 11. Bh6 Bf8 12. Bxf8 Kxf8 13. O-O-O Qe7 14. Kb2
a5 15. Rd5 b6 16. h4 Bb7 17. Rd2 h5 18. f4 Re8 19. Be2 Qe6 20. Rhd1 Bc6 21. Bd3
Kg7 22. Re1 Qg4 23. Qf2 d6 24. Qd4 Kh7 25. Rf1 dxe5 26. fxe5 Qxd4 27. cxd4 Kg7
28. Rf6 Bd7 29. Rdf2 Rhf8 30. Kc3 Re6 31. Rxe6 Bxe6 32. d5 Bg4 33. Rf6 Re8 34.
Kd4 Bd7 35. Be4 Re7 36. Rf3 Be8 37. Rc3 c6 38. dxc6 Rc7 39. c5 b5 40. Rb3 b4 41.
a3 bxa3 42. Rxa3 Ra7 43. Kd5 f5 44. Bf3 a4 45. Kd6 1-0

[Event "Gibraltar Masters 2020"]
[Site "Caleta ENG"]
[Date "2020.01.22"]
[Round "2.96"]
[White "Barrish, Daniel"]
[Black "Arroyo Rodriguez, Jesus"]
[Result "1-0"]
[WhiteTitle "FM"]
[WhiteElo "2352"]
[BlackElo "2125"]
[WhiteFideId "14304600"]
[BlackFideId "2277760"]
[EventDate "2020.01.21"]

1. d4 Nf6 2. c4 c5 3. d5 b5 4. cxb5 a6 5. e3 axb5 6. Bxb5 Qa5+ 7. Nc3 g6 8. Bd2
Bg7 9. a4 O-O 10. Nf3 d6 11. e4 Ba6 12. O-O Nbd7 13. Re1 Qc7 14. Qc2 Ng4 15. h3
Nge5 16. Nxe5 Nxe5 17. f4 Nd7 18. Bc6 Rab8 19. Nb5 Bxb5 20. axb5 Bd4+ 21. Kh1 e6
22. Ra6 exd5 23. exd5 Rfe8 24. Rxe8+ Rxe8 25. Ba5 Qc8 26. Ra7 Nb8 27. Bxe8 Qxe8
28. Qd3 Bf2 29. Qf1 Bg3 30. Ra8 Qc8 31. Qf3 Bh4 32. Qg4 Qb7 33. Rxb8+ Qxb8 34.
Qxh4 Qxb5 35. Qd8+ 1-0

[Event "Gibraltar Masters 2020"]
[Site "Caleta ENG"]
[Date "2020.01.22"]
[Round "2.97"]
[White "Advait, Bagri"]
[Black "Bellon Lopez, Juan Manuel"]
[Result "1-0"]
[WhiteTitle "CM"]
[BlackTitle "GM"]
[WhiteElo "2105"]
[BlackElo "2348"]
[WhiteFideId "5820391"]
[BlackFideId "2200031"]
[EventDate "2020.01.21"]

1. e4 c5 2. Nf3 g6 3. d4 cxd4 4. Qxd4 Nf6 5. Nc3 Nc6 6. Qa4 d6 7. e5 dxe5 8.
Nxe5 Bg7 9. Bb5 O-O 10. Nxc6 bxc6 11. Bxc6 Bd7 12. O-O Bxc6 13. Qxc6 Qc8 14. Qa4
Qf5 15. Ne2 Nd5 16. c3 Rfc8 17. Rd1 Nb6 18. Qb3 Nc4 19. Ng3 Qa5 20. Rd7 e6 21.
h4 Nb6 22. Rd1 Rab8 23. a4 Nd5 24. Qc2 Qb6 25. Nf1 h5 26. Ne3 Nxe3 27. Bxe3 Qxb2
28. Qxb2 Rxb2 29. Bxa7 Rb7 30. Bd4 Bxd4 31. cxd4 Ra8 32. d5 e5 33. d6 Kf8 34.
Rac1 Rd7 35. Rc7 Ke8 36. Rc5 f6 37. a5 Ra6 38. Rcd5 Kf7 39. Kf1 Ke6 40. Ke2 Rc6
41. Ke3 Rc4 42. g3 Ra4 43. f4 e4 44. R1d4 Ra3+ 45. Kf2 f5 46. Re5+ Kf7 47. Rd2
Rf3+ 48. Kg2 Rc3 49. Kf2 Rc6 50. Red5 Ke8 51. Ra2 Kd8 52. Rad2 Kc8 53. Kg2 Kb7
54. Rb2+ Kc8 55. a6 Kd8 56. Rb8+ Rc8 57. Rxc8+ Kxc8 58. Kf2 Kb8 59. Rb5+ Ka7 60.
Rd5 Kxa6 61. Ke3 Kb7 62. Kd4 Rd8 63. Ke5 Kc6 64. Rd1 e3 65. Rc1+ Kb6 66. Ke6
Re8+ 67. Kf7 Re4 68. Kxg6 Rd4 69. Kxf5 e2 70. Re1 Rd2 71. Ke4 Kc6 72. Ke3 Rxd6
73. Rxe2 1-0

[Event "Gibraltar Masters 2020"]
[Site "Caleta ENG"]
[Date "2020.01.22"]
[Round "2.98"]
[White "Zhukova, Natalia"]
[Black "Sigeman, Johan"]
[Result "1/2-1/2"]
[WhiteTitle "GM"]
[WhiteElo "2338"]
[BlackElo "2119"]
[WhiteFideId "14101513"]
[BlackFideId "1705601"]
[EventDate "2020.01.21"]

1. c4 e5 2. Nc3 Nc6 3. Nf3 g6 4. d4 exd4 5. Nxd4 Bg7 6. Nxc6 bxc6 7. g3 Ne7 8.
Bg2 O-O 9. O-O d6 10. Bg5 Rb8 11. Qd2 Be6 12. b3 c5 13. Rad1 f6 14. Bh6 Nf5 15.
Bxg7 Kxg7 16. Ne4 Qc8 17. Qc3 Nd4 18. Rfe1 Bg4 19. f3 Bd7 20. g4 Bc6 21. e3 Ne6
22. Rd5 Bxd5 23. cxd5 Nd8 24. Nxf6 Rxf6 25. g5 Qf5 26. f4 Nf7 27. gxf6+ Qxf6 28.
Qa5 Re8 29. Qxc7 Re7 30. Qa5 g5 31. Qd2 gxf4 1/2-1/2

[Event "Gibraltar Masters 2020"]
[Site "Caleta ENG"]
[Date "2020.01.22"]
[Round "2.99"]
[White "Gagare, Shalmali"]
[Black "Borocz, Istvan1"]
[Result "0-1"]
[WhiteTitle "WIM"]
[BlackTitle "IM"]
[WhiteElo "2099"]
[BlackElo "2337"]
[WhiteFideId "5038650"]
[BlackFideId "703036"]
[EventDate "2020.01.21"]

1. e4 c5 2. Nf3 e6 3. g3 d5 4. exd5 exd5 5. d4 Nc6 6. Bg2 Bg4 7. O-O cxd4 8. h3
Bxf3 9. Qxf3 Nf6 10. Bg5 Be7 11. Bxf6 Bxf6 12. Qxd5 O-O 13. Nd2 Rc8 14. a3 Qb6
15. Qb3 Qc7 16. Be4 Rfe8 17. Rae1 h5 18. f4 Re7 19. Qf3 g6 20. Kg2 Rce8 21. Qf2
Qb6 22. Nc4 Qc5 23. Nd2 Qb5 24. b3 Qc5 25. Bd3 Re3 26. Nc4 b5 27. Nxe3 dxe3 28.
Qf3 Kg7 29. Be4 Nd4 30. Qxe3 Qxa3 31. Qd2 Qc5 32. Kh2 Rd8 33. Bd3 Qc6 34. Qg2
Qc3 35. Be4 a5 36. Qf2 a4 37. bxa4 bxa4 38. Qe3 Qa5 39. c4 a3 40. Ra1 Nc2 41.
Bxc2 Rd2+ 42. Kh1 Bxa1 43. Rxa1 Rxc2 44. Rxa3 Qb4 45. Rb3 Qxc4 46. Rd3 Qa2 47.
Qf3 Rf2 48. h4 Rxf3 49. Rxf3 Qe2 50. Ra3 Qe4+ 51. Kh2 Qc2+ 52. Kh3 0-1

[Event "Gibraltar Masters 2020"]
[Site "Caleta ENG"]
[Date "2020.01.22"]
[Round "2.100"]
[White "Lujan, Carolina"]
[Black "Bengherabi, Khalil"]
[Result "1-0"]
[WhiteTitle "IM"]
[BlackTitle "FM"]
[WhiteElo "2330"]
[BlackElo "2106"]
[WhiteFideId "109878"]
[BlackFideId "7900325"]
[EventDate "2020.01.21"]

1. e4 c5 2. Nf3 d6 3. d4 cxd4 4. Nxd4 Nf6 5. Nc3 g6 6. Be2 Bg7 7. Be3 Nc6 8. Qd2
O-O 9. O-O-O d5 10. exd5 Nxd5 11. Nxc6 bxc6 12. Nxd5 cxd5 13. Qxd5 Qc7 14. Qxa8
Bf5 15. Qxf8+ Kxf8 16. Rd2 Qb8 17. b3 Bc3 18. Bh6+ Ke8 19. Rd5 e6 20. Bb5+ Ke7
21. Bg5+ f6 22. Rd7+ Kf8 23. Bh6+ Kg8 24. Rhd1 Ba5 25. Rg7+ Kh8 26. Rf7 Bb4 27.
g4 Be4 28. Rdd7 g5 29. Bg7+ Kg8 30. Bxf6 Qf4+ 31. Kb2 Bf8 32. Bd4 Qb8 33. Bc4
Qc8 34. Rxh7 Ba3+ 35. Kxa3 Bxh7 36. Bxe6+ Kf8 37. Rf7+ Ke8 38. Bxc8 1-0

[Event "Gibraltar Masters 2020"]
[Site "Caleta ENG"]
[Date "2020.01.22"]
[Round "2.101"]
[White "Hamer, Martyn"]
[Black "Divya, Deshmukh"]
[Result "1/2-1/2"]
[BlackTitle "WIM"]
[WhiteElo "2069"]
[BlackElo "2322"]
[WhiteFideId "413160"]
[BlackFideId "35006916"]
[EventDate "2020.01.21"]

1. d4 Nf6 2. Nc3 d5 3. Bf4 Bf5 4. f3 h5 5. e3 e6 6. Bd3 Bd6 7. Nge2 h4 8. Bxd6
cxd6 9. Bxf5 exf5 10. Qd3 g6 11. Nf4 Nc6 12. Qb5 O-O 13. Nfxd5 Nxd5 14. Nxd5 a6
15. Qb6 Qg5 16. O-O Rab8 17. f4 Qd8 18. Qxd8 Rbxd8 19. c4 Kg7 20. b4 Rfe8 21.
Kf2 Ne7 22. Nxe7 Rxe7 23. a4 a5 24. bxa5 Rc8 25. Rfc1 Rec7 26. Rab1 Rxc4 27.
Rxc4 Rxc4 28. Rxb7 Rxa4 29. Ra7 Ra2+ 30. Kf3 h3 31. gxh3 Rxh2 32. a6 Ra2 33. Ra8
d5 34. a7 Kf6 35. Rd8 Rxa7 36. Rxd5 Ra2 37. Rb5 Rh2 38. Kg3 Re2 39. Kf3 1/2-1/2

[Event "Gibraltar Masters 2020"]
[Site "Caleta ENG"]
[Date "2020.01.22"]
[Round "2.102"]
[White "Pein, Malcolm"]
[Black "Semprun Martinez, Fernando"]
[Result "1-0"]
[WhiteTitle "IM"]
[WhiteElo "2310"]
[BlackElo "2099"]
[WhiteFideId "400289"]
[BlackFideId "2203170"]
[EventDate "2020.01.21"]

1. Nf3 c5 2. c4 Nc6 3. Nc3 g6 4. g3 Bg7 5. Bg2 e6 6. d4 Nxd4 7. Nxd4 cxd4 8. Ne4
Ne7 9. Nd6+ Kf8 10. Nxb7 Bxb7 11. Bxb7 Rb8 12. Bg2 Qc7 13. b3 d3 14. Bf4 Bc3+
15. Kf1 dxe2+ 16. Qxe2 e5 17. Bh6+ Kg8 18. Rd1 Nf5 19. Bg5 Kg7 20. Qf3 Bd4 21.
Rxd4 h6 22. Bxh6+ Rxh6 23. Rd5 d6 24. h4 a5 25. Qc3 a4 26. b4 Rhh8 27. h5 gxh5
28. a3 f6 29. Be4 Ne7 30. Ra5 Rbc8 31. Rxa4 d5 32. Bg2 d4 33. Qd3 Qxc4 34. Qxc4
Rxc4 35. Ra7 Re8 36. Be4 f5 37. Bxf5 Rc1+ 38. Kg2 Rxh1 39. Kxh1 Kf6 40. Be4 Rd8
41. Ra6+ Kf7 42. Bd3 Rc8 43. b5 Rc3 44. Be2 Nd5 45. b6 d3 46. Bxh5+ Ke7 47. b7
Rb3 48. Ra5 Rb1+ 49. Kg2 Kd6 50. Bf3 Nc3 51. Ra8 e4 52. Bxe4 1-0

[Event "Gibraltar Masters 2020"]
[Site "Caleta ENG"]
[Date "2020.01.22"]
[Round "2.103"]
[White "De Haan, Eric"]
[Black "Stolniceanu, Victor-Dumitru"]
[Result "1-0"]
[WhiteTitle "FM"]
[WhiteElo "2308"]
[BlackElo "2074"]
[WhiteFideId "1005006"]
[BlackFideId "1221019"]
[EventDate "2020.01.21"]

1. d4 d5 2. c4 e6 3. Nc3 dxc4 4. e4 Nc6 5. Nf3 Na5 6. Bxc4 Nxc4 7. Qa4+ Bd7 8.
Qxc4 a6 9. O-O b5 10. Qb3 Bc6 11. d5 Bd7 12. Rd1 Qe7 13. Bf4 c5 14. dxc6 Bxc6
15. Nd5 Bxd5 16. exd5 Qb4 17. Qc2 Qc5 18. Qe2 Qc4 19. Qe5 Rd8 20. dxe6 Rxd1+ 21.
Rxd1 Ne7 22. Rc1 Nc6 23. exf7+ Kxf7 24. Qf5+ 1-0

[Event "Gibraltar Masters 2020"]
[Site "Caleta ENG"]
[Date "2020.01.22"]
[Round "2.104"]
[White "Huguet, Sergio"]
[Black "Pourkashiyan, Atousa"]
[Result "0-1"]
[WhiteTitle "FM"]
[BlackTitle "WGM"]
[WhiteElo "2055"]
[BlackElo "2305"]
[WhiteFideId "2212552"]
[BlackFideId "12502014"]
[EventDate "2020.01.21"]

1. c4 e5 2. g3 Nf6 3. Bg2 d5 4. cxd5 Nxd5 5. Nc3 Nb6 6. Nf3 Nc6 7. O-O Be7 8. d3
O-O 9. a3 Re8 10. b4 Bf8 11. Bb2 Bg4 12. Rc1 Nd4 13. e3 Nxf3+ 14. Bxf3 Bxf3 15.
Qxf3 c6 16. Rfd1 Qe7 17. Ne4 Na4 18. Ba1 a5 19. d4 axb4 20. axb4 f6 21. dxe5
fxe5 22. Qf5 Qe6 23. Qxe6+ Rxe6 24. Rd7 b5 25. Ng5 Rg6 26. Nf7 Nb6 27. Rb7 Nc4
28. Bxe5 Bxb4 29. Bf4 Re8 30. Rd1 Be7 31. Ne5 Nxe5 32. Bxe5 Bf8 33. f4 Rge6 34.
Rdd7 R6e7 35. Kf2 Rxd7 36. Rxd7 c5 37. Bd6 Bxd6 38. Rxd6 Ra8 39. Ke2 c4 40. Rd2
b4 41. Rb2 Ra4 42. e4 Kf7 43. Ke3 c3 44. Rc2 Ra1 45. Kd4 b3 0-1

[Event "Gibraltar Masters 2020"]
[Site "Caleta ENG"]
[Date "2020.01.22"]
[Round "2.105"]
[White "Judkovsky, Yair"]
[Black "Reeder, Andy"]
[Result "1/2-1/2"]
[WhiteElo "2305"]
[BlackElo "2064"]
[WhiteFideId "2804930"]
[BlackFideId "2016516"]
[EventDate "2020.01.21"]

1. e4 c5 2. Nf3 e6 3. d4 cxd4 4. Nxd4 Nc6 5. Nc3 Qc7 6. g3 a6 7. Bg2 Nge7 8.
Nde2 d6 9. O-O h5 10. h3 b5 11. a3 Bb7 12. b3 Ng6 13. Bb2 Be7 14. Qd2 Rd8 15. f4
Qb6+ 16. Kh1 Bf6 17. Rad1 Nge7 18. Qe1 g6 19. Na4 bxa4 20. Bxf6 Rg8 21. Nc3 axb3
22. cxb3 Rd7 23. b4 Rf8 24. Rf2 Ng8 25. Bg7 Ke7 26. Bxf8+ Kxf8 27. Rfd2 Nce7 28.
Rd3 Qc6 29. Qf2 Nc8 30. e5 d5 31. Ne4 Nge7 32. Nc5 Rc7 33. Nb3 Qa4 34. Nc5 Qb5
35. Nxb7 Qxb7 36. Qd2 Nb6 37. Rc3 Nc4 38. Qe2 Qc8 39. Kh2 Kg7 40. Qf2 Qh8 41.
Bf1 Qc8 42. Rdc1 Qb7 43. Bxc4 dxc4 44. Rxc4 Rd7 45. Rd4 Rxd4 46. Qxd4 Qf3 47.
Rc3 Qe2+ 48. Kg1 Qe1+ 49. Kh2 Qe2+ 50. Kg1 Qe1+ 51. Kh2 Qe2+ 1/2-1/2